000 00634nam a2200217Ia 4500
005 20241129111115.0
008 241129s9999||||xx |||||||||||||| ||und||
020 _a978-81-944282-8-2
037 _aTB
040 _aCRL
_beng
_cCRL
041 _aeng
_2eng
084 _aP:(R) R3
_qCRL
100 _aWolf Michael P. Au.
_9723330
245 0 _aPhilosophy of language: 50 puzzles paradoxes and thought experiements
_cWolf Michael P. Au.
260 _aNew Delhi, USA
_bRoutledge
_c2023
300 _axiv,377p.
365 _aUKP
_b34.99
650 _aLinguistic
_9558313
942 _cTB
_hP:(R) R3
999 _c1228953
_d1228953